Sconosciuti

Sábháilte in:
Sonraí bibleagrafaíochta
Príomhchruthaitheoir: Robb Graham
Formáid: LEABHAR
Teanga:Teanga Anaithnid nó Neamhbhailí
Foilsithe / Cruthaithe: Roma Carocci 2005
Clibeanna: Cuir clib leis
Níl clibeanna ann, Bí ar an gcéad duine le clib a chur leis an taifead seo!

MARC

LEADER 00000nam a2200000Ia 4500
001 356
003 NUMERAZIONE-ORIGINALE-BRESCIA
005 20260206230752.0
008 260206s9999 xx 000 0 und d
100 |a Robb Graham 
245 0 |a Sconosciuti 
260 |a Roma 
260 |b Carocci 
260 |c 2005 
500 |a L'amore e la cultura omosessuale nell'Ottocento 
500 |a Saggi 
942 |2 ddc  |c BK  |n 0 
952 |0 0  |1 0  |2 ddc  |4 0  |6 25  |7 0  |9 28553  |a BS  |b BS  |d 2026-02-06  |i 356  |l 0  |o 2-5-*  |r 2026-02-06 22:40:37  |w 2026-02-06  |x [REVISIONARE]  |y BK 
999 |c 24219  |d 24219